| 000 | 00657nam a22002057a 4500 | ||
|---|---|---|---|
| 003 | OSt | ||
| 005 | 20251125111408.0 | ||
| 008 | 251125b |||||||| |||| 00| 0 eng d | ||
| 020 | _a 978-621-8035-99-7 | ||
| 040 |
_aDWC-Main lib _cOC |
||
| 082 | _aFil. 701.1 M689 2021 | ||
| 100 | _aInocian, Renaldo B. | ||
| 245 |
_aModular Approach art Appreciation/ _cRenaldo B. Inocian |
||
| 260 |
_aQuezon City: _bLorimar Publishing inc., _cc2021. |
||
| 300 |
_axvii, 434 pages : _b illustrations ; _c 25cm. |
||
| 504 | _aIncludes bibliographical references | ||
| 650 | _a1. Art Appreciation | ||
| 700 | _a[AND SIX OTHERS] | ||
| 942 |
_2ddc _cBK - FIL _kFil. _n0 |
||
| 999 |
_c6232 _d6232 |
||